| Tag |
First Indicator |
Second Indicator |
Subfields |
| LEADER |
00000cam a2200000 4500 |
| 001 |
in00000099422 |
| 005 |
20150926125611.0 |
| 008 |
800403s1945 laua s00000 eng d |
| 035 |
|
|
|a (OCoLC)06162230
|
| 035 |
|
|
|9 AAL3843AM
|
| 040 |
|
|
|a TXA
|c TXA
|d UtOrBLW
|
| 049 |
|
|
|a TXAM
|c [1127715]
|
| 090 |
|
|
|a TA7
|b .L6 no. 7
|
| 100 |
1 |
|
|a Bateman, John Henry,
|d 1892-
|
| 245 |
1 |
0 |
|a Strength and composition of concrete made with available mineral aggregates in the metropolitan area of Baton Rouge, Louisiana.
|
| 264 |
|
1 |
|a Baton Rouge, La. :
|b Louisiana State University and Agricultural and Mechanical College,
|c 1945.
|
| 300 |
|
|
|a iii, 23 pages :
|b diagrams
|
| 336 |
|
|
|a text
|b txt
|2 rdacontent
|
| 337 |
|
|
|a unmediated
|b n
|2 rdamedia
|
| 338 |
|
|
|a volume
|b nc
|2 rdacarrier
|
| 490 |
1 |
|
|a Louisiana. State University and Agricultural and Mechanical College. Engineering Experiment Station. Bulletin series, no. 7-1945
|
| 650 |
|
0 |
|a Concrete.
|
| 830 |
|
0 |
|a Engineering research bulletin ;
|v no. 7.
|
| 999 |
|
|
|a MARS
|
| 999 |
f |
f |
|s b3170a92-cfdc-316e-bfb2-af67f9284934
|i 225c0335-fd0c-39a3-9c36-0f2544bade65
|t 0
|
| 952 |
f |
f |
|p ric
|a Texas A&M University
|b Rellis Campus
|c Joint Library Facility
|s JLF
|d Remote Storage
|t 0
|e TA7 .L6 no.7
|h Library of Congress classification
|i unmediated -- volume
|m A14805285898
|
| 998 |
f |
f |
|a TA7 .L6 no.7
|t 0
|l Remote Storage
|